| Поле | Название | Значение |
| |
Тип записи |
a |
| |
Библиографический уровень |
m |
| 001 |
Контрольный номер |
RU/URAIT/583896 |
| 005 |
Дата корректировки |
20260429163653.7 |
| 008 |
Кодируемые данные |
260429s2026 RU y f j 000 0 rus u |
| 020 |
Индекс ISBN |
__ |
| a |
ISBN |
978-5-534-16697-2 |
| c |
Цена, тираж |
3219.00 |
| 040 |
Источник каталогиз. |
__ |
| a |
Служба первич. каталог. |
ИКО Юрайт |
| c |
Служба, преобразующая запись |
ИКО Юрайт |
| e |
Правила каталог. |
RCR |
| 041 |
Код языка издания |
__ |
| a |
Код языка текста |
rus |
| 044 |
Код страны публикации |
__ |
| a |
Код страны публикации |
RU |
| 080 |
Индекс УДК |
__ |
| a |
Индекс УДК |
614(075.8) |
| 084 |
Индекс другой классификации/Индекс ББК |
__ |
| 2 |
Источник индекса |
rubbk |
| a |
Индекс другой классификации/Индекс ББК |
68.9я73 |
| 100 |
Автор |
__ |
| a |
Автор |
Беляков Г. И. |
| q |
Полное имя |
Беляков Геннадий Иванович |
| 245 |
Заглавие |
__ |
| a |
Заглавие |
Охрана труда и техника безопасности |
| b |
Продолж. заглавия |
учебник для вузов |
| c |
Ответственность |
Г. И. Беляков. |
| 250 |
Сведения об издании |
__ |
| g |
|
пер. и доп |
| a |
Основные сведения об издании |
5-е изд. |
| 256 |
Характеристики компьютерного файла |
__ |
| a |
Характеристики компьютерного файла |
Электрон. дан. |
| 260 |
Выходные данные |
__ |
| a |
Место издания |
Москва |
| b |
Издательство |
Юрайт |
| c |
Дата издания |
2026 |
| 300 |
Физическое описание |
__ |
| a |
Объем |
739 с |
| 440 |
Серия |
__ |
| a |
Серия |
Высшее образование |
| 500 |
Примечания |
__ |
| a |
Примечание |
URL: https://urait.ru/bcode/583896 (дата обращения: 29.04.2026). |
| 520 |
Аннотация |
__ |
| a |
Аннотация |
В курсе рассмотрены организационно-правовые вопросы охраны труда, техника безопасности, пожарная безопасность. Автор имеет многолетний практический опыт, связанный с надзором и контролем состояния охраны труда на предприятиях, поэтому данный курс при наличии исчерпывающего теоретического материала снабжен реальными примерами из надзорной практики, анализом допускаемых нарушений, примерами несчастных случаев. Курс написан в полном соответствии с требованиями действующих нормативных документов, технических регламентов, СанПиНов, ГОСТов. К каждому разделу составлены контрольные вопросы, которые помогут студентам проверить усвоение материала. В курс также включены материалы справочного характера. Соответствует актуальным требованиям федерального государственного образовательного стандарта высшего образования. Курс предназначен для студентов всех специальностей и направлений подготовки. Он будет полезен преподавателям дисциплин «Охрана труда» и «Безопасность жизнедеятельности» вузов и средних специальных учебных заведений, а также может быть использован обучающими организациями для профессиональной переподготовки специалистов по охране труда, обучения руководителей и специалистов организаций. |
| 538 |
Прим. о системных особенностях |
__ |
| a |
Прим. о системных особенностях |
Режим доступа: Электронно-библиотечная система Юрайт, для авториз. пользователей |
| 653 |
Ключевые слова |
__ |
| a |
Ключевые слова |
Безопасность жизнедеятельности. Охрана труда |
| 653 |
Ключевые слова |
__ |
| a |
Ключевые слова |
Технические науки |
| 653 |
Ключевые слова |
__ |
| a |
Ключевые слова |
Производственная безопасность |
| 653 |
Ключевые слова |
__ |
| a |
Ключевые слова |
Охрана труда |
| 653 |
Ключевые слова |
__ |
| a |
Ключевые слова |
Техническое оснащение торговых организаций и охрана труда |
| 653 |
Ключевые слова |
__ |
| a |
Ключевые слова |
Охрана труда и промышленная безопасность |
| 653 |
Ключевые слова |
__ |
| a |
Ключевые слова |
Охрана труда и техника безопасности |
| 653 |
Ключевые слова |
__ |
| a |
Ключевые слова |
Охрана труда и техника безопасности в строительстве |
| 653 |
Ключевые слова |
__ |
| a |
Ключевые слова |
Промышленная безопасность |
| 653 |
Ключевые слова |
__ |
| a |
Ключевые слова |
Промышленная безопасность и охрана труда |
| 653 |
Ключевые слова |
__ |
| a |
Ключевые слова |
Техническая оснащенность организаций и охрана труда |
| 653 |
Ключевые слова |
__ |
| a |
Ключевые слова |
Безопасность и охрана труда |
| 653 |
Ключевые слова |
__ |
| a |
Ключевые слова |
Правила техники безопасности, промышленной санитарии и пожарной безопасности |
| 653 |
Ключевые слова |
__ |
| a |
Ключевые слова |
Охрана труда на производстве и в учебном процессе |
| 653 |
Ключевые слова |
__ |
| a |
Ключевые слова |
Техника безопасности в образовательных организациях |
| 653 |
Ключевые слова |
__ |
| a |
Ключевые слова |
Основы промышленной безопасности |
| 653 |
Ключевые слова |
__ |
| a |
Ключевые слова |
Экономика охраны труда |
| 653 |
Ключевые слова |
__ |
| a |
Ключевые слова |
Охрана труда на предприятиях АПК |
| 653 |
Ключевые слова |
__ |
| a |
Ключевые слова |
Зарубежный опыт регулирования внешнеэкономической деятельности и промышленной безопасности |
| 653 |
Ключевые слова |
__ |
| a |
Ключевые слова |
Планирование в сфере безопасности и охраны труда |
| 653 |
Ключевые слова |
__ |
| a |
Ключевые слова |
Охрана труда и техника безопасности в школе |
| 653 |
Ключевые слова |
__ |
| a |
Ключевые слова |
Информационное обеспечение охраны труда |
| 653 |
Ключевые слова |
__ |
| a |
Ключевые слова |
Методология научных исследований в охране труда |
| 653 |
Ключевые слова |
__ |
| a |
Ключевые слова |
Моделирование в охране труда |
| 653 |
Ключевые слова |
__ |
| a |
Ключевые слова |
Обеспечение требований охраны труда и безопасности производственной деятельности |
| 653 |
Ключевые слова |
__ |
| a |
Ключевые слова |
Теория и техника измерений в охране труда |
| 653 |
Ключевые слова |
__ |
| a |
Ключевые слова |
Правовое регулирование охраны труда |
| 653 |
Ключевые слова |
__ |
| a |
Ключевые слова |
Практическая техника безопасности |
| 653 |
Ключевые слова |
__ |
| a |
Ключевые слова |
Аудит системы охраны труда |
| 653 |
Ключевые слова |
__ |
| a |
Ключевые слова |
Информационные технологии в области промышленной безопасности и охраны труда |
| 653 |
Ключевые слова |
__ |
| a |
Ключевые слова |
Нормативно-правовые аспекты промышленной безопасности и охраны труда |
| 653 |
Ключевые слова |
__ |
| a |
Ключевые слова |
Система управления охраной труда в организации |
| 653 |
Ключевые слова |
__ |
| a |
Ключевые слова |
Технические средства и системы охраны |
| 653 |
Ключевые слова |
__ |
| a |
Ключевые слова |
Охрана труда и техника безопасности в индустрии туризма |
| 653 |
Ключевые слова |
__ |
| a |
Ключевые слова |
Охрана труда и техника безопасности в сфере сервиса |
| 653 |
Ключевые слова |
__ |
| a |
Ключевые слова |
Государственный надзор в области промышленной безопасности |
| 653 |
Ключевые слова |
__ |
| a |
Ключевые слова |
Правовые основы промышленной безопасности |
| 653 |
Ключевые слова |
__ |
| a |
Ключевые слова |
Правовые основы охраны и безопасности труда в организациях |
| 653 |
Ключевые слова |
__ |
| a |
Ключевые слова |
Обеспечение экологической и промышленной безопасности на предприятиях сферы сервиса |
| 653 |
Ключевые слова |
__ |
| a |
Ключевые слова |
Декларация производств повышенной опасности |
| 653 |
Ключевые слова |
__ |
| a |
Ключевые слова |
Промышленная безопасность в нефтяной и газовой отрасли |
| 653 |
Ключевые слова |
__ |
| a |
Ключевые слова |
Правовое обеспечение безопасности производства и охраны труда |
| 653 |
Ключевые слова |
__ |
| a |
Ключевые слова |
Современные модели организации, нормирования и охраны труда |
| 653 |
Ключевые слова |
__ |
| a |
Ключевые слова |
Экономическая и промышленная безопасность предприятий |
| 653 |
Ключевые слова |
__ |
| a |
Ключевые слова |
Системы управления охраной труда и промышленной безопасностью |
| 653 |
Ключевые слова |
__ |
| a |
Ключевые слова |
Техника безопасности, охрана труда и окружающей среды |
| 653 |
Ключевые слова |
__ |
| a |
Ключевые слова |
Бюджетирование мероприятий по промышленной безопасности и охране труда в организациях топливно-энергетического комплекса |
| 653 |
Ключевые слова |
__ |
| a |
Ключевые слова |
Охрана труда и техника безопасности в туристической сфере |
| 653 |
Ключевые слова |
__ |
| a |
Ключевые слова |
Основы производственной безопасности |
| 653 |
Ключевые слова |
__ |
| a |
Ключевые слова |
Охрана труда и техника безопасности на предприятиях сферы туризма |
| 653 |
Ключевые слова |
__ |
| a |
Ключевые слова |
Система управления охраной труда |
| 653 |
Ключевые слова |
__ |
| a |
Ключевые слова |
Охрана труда. Общие вопросы |
| 653 |
Ключевые слова |
__ |
| a |
Ключевые слова |
Документационное обеспечение промышленной безопасности |
| 653 |
Ключевые слова |
__ |
| a |
Ключевые слова |
Правовое регулирование в области ПБ |
| 653 |
Ключевые слова |
__ |
| a |
Ключевые слова |
Система управления охраной труда на предприятии |
| 653 |
Ключевые слова |
__ |
| a |
Ключевые слова |
Техника безопасности |
| 653 |
Ключевые слова |
__ |
| a |
Ключевые слова |
Технические средства безопасности в автосервисе |
| 653 |
Ключевые слова |
__ |
| a |
Ключевые слова |
Организация работы службы охраны труда и промышленной безопасности на предприятии |
| 653 |
Ключевые слова |
__ |
| a |
Ключевые слова |
Охрана труда и промышленная безопасность в организациях нефтегазовой отрасли |
| 653 |
Ключевые слова |
__ |
| a |
Ключевые слова |
Охрана труда и техника безопасности в профессиональной деятельности |
| 653 |
Ключевые слова |
__ |
| a |
Ключевые слова |
Техническое оснащение торговых предприятий и охрана труда |
| 653 |
Ключевые слова |
__ |
| a |
Ключевые слова |
Техника безопасности и охрана труда |
| 653 |
Ключевые слова |
__ |
| a |
Ключевые слова |
Нормативно-правовая база охраны труда и промышленной безопасности |
| 653 |
Ключевые слова |
__ |
| a |
Ключевые слова |
Охрана и безопасность труда на производстве |
| 653 |
Ключевые слова |
__ |
| a |
Ключевые слова |
Проектирование в области охраны окружающей среды на предприятии |
| 653 |
Ключевые слова |
__ |
| a |
Ключевые слова |
Снижение рисков, безопасность и охрана труда |
| 653 |
Ключевые слова |
__ |
| a |
Ключевые слова |
Техника безопасности в учебном процессе |
| 653 |
Ключевые слова |
__ |
| a |
Ключевые слова |
Основы охраны труда |
| 653 |
Ключевые слова |
__ |
| a |
Ключевые слова |
Аудит охраны труда предприятия |
| 653 |
Ключевые слова |
__ |
| a |
Ключевые слова |
Методика разработки нормативных документов по безопасности и охране труда |
| 653 |
Ключевые слова |
__ |
| a |
Ключевые слова |
Система управления охраной труда в компании |
| 653 |
Ключевые слова |
__ |
| a |
Ключевые слова |
Кадровая безопасность и охрана труда |
| 653 |
Ключевые слова |
__ |
| a |
Ключевые слова |
Правовые основы охраны труда в организации |
| 653 |
Ключевые слова |
__ |
| a |
Ключевые слова |
Системы управления профессиональной безопасностью и охраной труда |
| 653 |
Ключевые слова |
__ |
| a |
Ключевые слова |
Эколого-аналитические методы в охране труда, правилах безопасности и охране окружающей среды |
| 653 |
Ключевые слова |
__ |
| a |
Ключевые слова |
Современные проблемы безопасности |
| 653 |
Ключевые слова |
__ |
| a |
Ключевые слова |
Нормативная документация по охране труда на промышленных предприятиях |
| 653 |
Ключевые слова |
__ |
| a |
Ключевые слова |
Охрана труда на предприятии |
| 653 |
Ключевые слова |
__ |
| a |
Ключевые слова |
Охрана труда в АПК |
| 653 |
Ключевые слова |
__ |
| a |
Ключевые слова |
Основы управления охраной труда в организации |
| 653 |
Ключевые слова |
__ |
| a |
Ключевые слова |
Промышленная санитария и охрана труда |
| 653 |
Ключевые слова |
__ |
| a |
Ключевые слова |
Специальные вопросы обеспечения требований охраны труда и безопасности |
| 653 |
Ключевые слова |
__ |
| a |
Ключевые слова |
Технология надзорной деятельности в охране труда |
| 653 |
Ключевые слова |
__ |
| a |
Ключевые слова |
Государственное управление в сфере охраны труда |
| 653 |
Ключевые слова |
__ |
| a |
Ключевые слова |
Природные объекты и особенности их охраны |
| 653 |
Ключевые слова |
__ |
| a |
Ключевые слова |
Техника безопасности и охрана труда при работе на лазерных технологических комплексах |
| 653 |
Ключевые слова |
__ |
| a |
Ключевые слова |
Нормативные документы и требования к разработке деклараций безопасности |
| 653 |
Ключевые слова |
__ |
| a |
Ключевые слова |
Организация контроля за состоянием охраны труда |
| 653 |
Ключевые слова |
__ |
| a |
Ключевые слова |
Технические средства безопасности предприятий |
| 653 |
Ключевые слова |
__ |
| a |
Ключевые слова |
Правовые основы охраны труда |
| 653 |
Ключевые слова |
__ |
| a |
Ключевые слова |
Международная практика государственного регулирования внешнеэкономической деятельности и промышленной безопасности |
| 653 |
Ключевые слова |
__ |
| a |
Ключевые слова |
Безопасность труда и пожарная безопасность на предприятиях автомобильного сервиса |
| 653 |
Ключевые слова |
__ |
| a |
Ключевые слова |
Промышленная безопасность и охрана труда на производстве |
| 653 |
Ключевые слова |
__ |
| a |
Ключевые слова |
Нормативные требования охраны труда и техники безопасности в организациях транспортного комплекса |
| 653 |
Ключевые слова |
__ |
| a |
Ключевые слова |
Охрана труда и промышленная безопасность в нефтяной и газовой промышленности |
| 856 |
Электронный адрес документа |
40 |
| n |
Местонахождение сервера |
Юрайт |
| g |
|
Электронная книга |
| q |
Тип электронного формата |
html |
| h |
Имя пользователя |
ЮРАЙТ |
| v |
Часы доступа к ресурсу |
20271231 |
| 2 |
Способ доступа |
Показать документ |
| x |
Служебное примечание |
https://urait.ru/book/cover/B35BE088-4C52-45B7-B12E-D4A8344E955C |
| u |
URL |
https://urait.ru/bcode/583896 |
| 856 |
Электронный адрес документа |
48 |
| q |
Тип электронного формата |
cover |
| u |
URL |
https://urait.ru/book/cover/B35BE088-4C52-45B7-B12E-D4A8344E955C |
| 911 |
|
__ |
| u |
|
0030=https://urait.ru/bcode/583896 |
| 911 |
|
__ |
| u |
|
073a=9785534166972 |
| u |
|
073d=3219.00 |
| 911 |
|
__ |
| u |
|
106a=s |
| 911 |
|
__ |
| u |
|
900l= |
| 952 |
Тип литературы |
__ |
| i |
Дисциплина |
Производственная безопасность |
| 952 |
Тип литературы |
__ |
| i |
Дисциплина |
Охрана труда |
| 952 |
Тип литературы |
__ |
| i |
Дисциплина |
Техническое оснащение торговых организаций и охрана труда |
| 952 |
Тип литературы |
__ |
| i |
Дисциплина |
Охрана труда и промышленная безопасность |
| 952 |
Тип литературы |
__ |
| i |
Дисциплина |
Охрана труда и техника безопасности |
| 952 |
Тип литературы |
__ |
| i |
Дисциплина |
Охрана труда и техника безопасности в строительстве |
| 952 |
Тип литературы |
__ |
| i |
Дисциплина |
Промышленная безопасность |
| 952 |
Тип литературы |
__ |
| i |
Дисциплина |
Промышленная безопасность и охрана труда |
| 952 |
Тип литературы |
__ |
| i |
Дисциплина |
Техническая оснащенность организаций и охрана труда |
| 952 |
Тип литературы |
__ |
| i |
Дисциплина |
Безопасность и охрана труда |
| 952 |
Тип литературы |
__ |
| i |
Дисциплина |
Правила техники безопасности, промышленной санитарии и пожарной безопасности |
| 952 |
Тип литературы |
__ |
| i |
Дисциплина |
Охрана труда на производстве и в учебном процессе |
| 952 |
Тип литературы |
__ |
| i |
Дисциплина |
Техника безопасности в образовательных организациях |
| 952 |
Тип литературы |
__ |
| i |
Дисциплина |
Основы промышленной безопасности |
| 952 |
Тип литературы |
__ |
| i |
Дисциплина |
Экономика охраны труда |
| 952 |
Тип литературы |
__ |
| i |
Дисциплина |
Охрана труда на предприятиях АПК |
| 952 |
Тип литературы |
__ |
| i |
Дисциплина |
Зарубежный опыт регулирования внешнеэкономической деятельности и промышленной безопасности |
| 952 |
Тип литературы |
__ |
| i |
Дисциплина |
Планирование в сфере безопасности и охраны труда |
| 952 |
Тип литературы |
__ |
| i |
Дисциплина |
Охрана труда и техника безопасности в школе |
| 952 |
Тип литературы |
__ |
| i |
Дисциплина |
Информационное обеспечение охраны труда |
| 952 |
Тип литературы |
__ |
| i |
Дисциплина |
Методология научных исследований в охране труда |
| 952 |
Тип литературы |
__ |
| i |
Дисциплина |
Моделирование в охране труда |
| 952 |
Тип литературы |
__ |
| i |
Дисциплина |
Обеспечение требований охраны труда и безопасности производственной деятельности |
| 952 |
Тип литературы |
__ |
| i |
Дисциплина |
Теория и техника измерений в охране труда |
| 952 |
Тип литературы |
__ |
| i |
Дисциплина |
Правовое регулирование охраны труда |
| 952 |
Тип литературы |
__ |
| i |
Дисциплина |
Практическая техника безопасности |
| 952 |
Тип литературы |
__ |
| i |
Дисциплина |
Аудит системы охраны труда |
| 952 |
Тип литературы |
__ |
| i |
Дисциплина |
Информационные технологии в области промышленной безопасности и охраны труда |
| 952 |
Тип литературы |
__ |
| i |
Дисциплина |
Нормативно-правовые аспекты промышленной безопасности и охраны труда |
| 952 |
Тип литературы |
__ |
| i |
Дисциплина |
Система управления охраной труда в организации |
| 952 |
Тип литературы |
__ |
| i |
Дисциплина |
Технические средства и системы охраны |
| 952 |
Тип литературы |
__ |
| i |
Дисциплина |
Охрана труда и техника безопасности в индустрии туризма |
| 952 |
Тип литературы |
__ |
| i |
Дисциплина |
Охрана труда и техника безопасности в сфере сервиса |
| 952 |
Тип литературы |
__ |
| i |
Дисциплина |
Государственный надзор в области промышленной безопасности |
| 952 |
Тип литературы |
__ |
| i |
Дисциплина |
Правовые основы промышленной безопасности |
| 952 |
Тип литературы |
__ |
| i |
Дисциплина |
Правовые основы охраны и безопасности труда в организациях |
| 952 |
Тип литературы |
__ |
| i |
Дисциплина |
Обеспечение экологической и промышленной безопасности на предприятиях сферы сервиса |
| 952 |
Тип литературы |
__ |
| i |
Дисциплина |
Декларация производств повышенной опасности |
| 952 |
Тип литературы |
__ |
| i |
Дисциплина |
Промышленная безопасность в нефтяной и газовой отрасли |
| 952 |
Тип литературы |
__ |
| i |
Дисциплина |
Правовое обеспечение безопасности производства и охраны труда |
| 952 |
Тип литературы |
__ |
| i |
Дисциплина |
Современные модели организации, нормирования и охраны труда |
| 952 |
Тип литературы |
__ |
| i |
Дисциплина |
Экономическая и промышленная безопасность предприятий |
| 952 |
Тип литературы |
__ |
| i |
Дисциплина |
Системы управления охраной труда и промышленной безопасностью |
| 952 |
Тип литературы |
__ |
| i |
Дисциплина |
Техника безопасности, охрана труда и окружающей среды |
| 952 |
Тип литературы |
__ |
| i |
Дисциплина |
Бюджетирование мероприятий по промышленной безопасности и охране труда в организациях топливно-энергетического комплекса |
| 952 |
Тип литературы |
__ |
| i |
Дисциплина |
Охрана труда и техника безопасности в туристической сфере |
| 952 |
Тип литературы |
__ |
| i |
Дисциплина |
Основы производственной безопасности |
| 952 |
Тип литературы |
__ |
| i |
Дисциплина |
Охрана труда и техника безопасности на предприятиях сферы туризма |
| 952 |
Тип литературы |
__ |
| i |
Дисциплина |
Система управления охраной труда |
| 952 |
Тип литературы |
__ |
| i |
Дисциплина |
Охрана труда. Общие вопросы |
| 952 |
Тип литературы |
__ |
| i |
Дисциплина |
Документационное обеспечение промышленной безопасности |
| 952 |
Тип литературы |
__ |
| i |
Дисциплина |
Правовое регулирование в области ПБ |
| 952 |
Тип литературы |
__ |
| i |
Дисциплина |
Система управления охраной труда на предприятии |
| 952 |
Тип литературы |
__ |
| i |
Дисциплина |
Техника безопасности |
| 952 |
Тип литературы |
__ |
| i |
Дисциплина |
Технические средства безопасности в автосервисе |
| 952 |
Тип литературы |
__ |
| i |
Дисциплина |
Организация работы службы охраны труда и промышленной безопасности на предприятии |
| 952 |
Тип литературы |
__ |
| i |
Дисциплина |
Охрана труда и промышленная безопасность в организациях нефтегазовой отрасли |
| 952 |
Тип литературы |
__ |
| i |
Дисциплина |
Охрана труда и техника безопасности в профессиональной деятельности |
| 952 |
Тип литературы |
__ |
| i |
Дисциплина |
Техническое оснащение торговых предприятий и охрана труда |
| 952 |
Тип литературы |
__ |
| i |
Дисциплина |
Техника безопасности и охрана труда |
| 952 |
Тип литературы |
__ |
| i |
Дисциплина |
Нормативно-правовая база охраны труда и промышленной безопасности |
| 952 |
Тип литературы |
__ |
| i |
Дисциплина |
Охрана и безопасность труда на производстве |
| 952 |
Тип литературы |
__ |
| i |
Дисциплина |
Проектирование в области охраны окружающей среды на предприятии |
| 952 |
Тип литературы |
__ |
| i |
Дисциплина |
Снижение рисков, безопасность и охрана труда |
| 952 |
Тип литературы |
__ |
| i |
Дисциплина |
Техника безопасности в учебном процессе |
| 952 |
Тип литературы |
__ |
| i |
Дисциплина |
Основы охраны труда |
| 952 |
Тип литературы |
__ |
| i |
Дисциплина |
Аудит охраны труда предприятия |
| 952 |
Тип литературы |
__ |
| i |
Дисциплина |
Методика разработки нормативных документов по безопасности и охране труда |
| 952 |
Тип литературы |
__ |
| i |
Дисциплина |
Система управления охраной труда в компании |
| 952 |
Тип литературы |
__ |
| i |
Дисциплина |
Кадровая безопасность и охрана труда |
| 952 |
Тип литературы |
__ |
| i |
Дисциплина |
Правовые основы охраны труда в организации |
| 952 |
Тип литературы |
__ |
| i |
Дисциплина |
Системы управления профессиональной безопасностью и охраной труда |
| 952 |
Тип литературы |
__ |
| i |
Дисциплина |
Эколого-аналитические методы в охране труда, правилах безопасности и охране окружающей среды |
| 952 |
Тип литературы |
__ |
| i |
Дисциплина |
Современные проблемы безопасности |
| 952 |
Тип литературы |
__ |
| i |
Дисциплина |
Нормативная документация по охране труда на промышленных предприятиях |
| 952 |
Тип литературы |
__ |
| i |
Дисциплина |
Охрана труда на предприятии |
| 952 |
Тип литературы |
__ |
| i |
Дисциплина |
Охрана труда в АПК |
| 952 |
Тип литературы |
__ |
| i |
Дисциплина |
Основы управления охраной труда в организации |
| 952 |
Тип литературы |
__ |
| i |
Дисциплина |
Промышленная санитария и охрана труда |
| 952 |
Тип литературы |
__ |
| i |
Дисциплина |
Специальные вопросы обеспечения требований охраны труда и безопасности |
| 952 |
Тип литературы |
__ |
| i |
Дисциплина |
Технология надзорной деятельности в охране труда |
| 952 |
Тип литературы |
__ |
| i |
Дисциплина |
Государственное управление в сфере охраны труда |
| 952 |
Тип литературы |
__ |
| i |
Дисциплина |
Природные объекты и особенности их охраны |
| 952 |
Тип литературы |
__ |
| i |
Дисциплина |
Техника безопасности и охрана труда при работе на лазерных технологических комплексах |
| 952 |
Тип литературы |
__ |
| i |
Дисциплина |
Нормативные документы и требования к разработке деклараций безопасности |
| 952 |
Тип литературы |
__ |
| i |
Дисциплина |
Организация контроля за состоянием охраны труда |
| 952 |
Тип литературы |
__ |
| i |
Дисциплина |
Технические средства безопасности предприятий |
| 952 |
Тип литературы |
__ |
| i |
Дисциплина |
Правовые основы охраны труда |
| 952 |
Тип литературы |
__ |
| i |
Дисциплина |
Международная практика государственного регулирования внешнеэкономической деятельности и промышленной безопасности |
| 952 |
Тип литературы |
__ |
| i |
Дисциплина |
Безопасность труда и пожарная безопасность на предприятиях автомобильного сервиса |
| 952 |
Тип литературы |
__ |
| i |
Дисциплина |
Промышленная безопасность и охрана труда на производстве |
| 952 |
Тип литературы |
__ |
| i |
Дисциплина |
Нормативные требования охраны труда и техники безопасности в организациях транспортного комплекса |
| 952 |
Тип литературы |
__ |
| i |
Дисциплина |
Охрана труда и промышленная безопасность в нефтяной и газовой промышленности |